[Event "Kingston Invitational 1st"]
[Site "Kingston"]
[Date "2022.07.20"]
[Round "1"]
[White "Jones, Steven A"]
[Black "Seymour, Timothy P"]
[Result "0-1"]
[WhiteElo "2251"]
[BlackElo "2076"]
[PlyCount "56"]
[EventDate "2022.07.20"]
[EventType "tourn"]
[EventRounds "9"]
[EventCountry "ENG"]
[SourceVersionDate "2022.07.20"]

1. e4 e5 2. Nf3 Nc6 3. Bb5 Nf6 4. O-O Nxe4 5. d4 Nd6 6. Bxc6 dxc6 7. dxe5 Nf5
8. Qxd8+ Kxd8 9. h3 Ke8 10. Nc3 h5 11. Bf4 Be7 12. Rfe1 Be6 13. Ne4 Rd8 14. c3
Rd3 15. Nfg5 Bd5 16. Nf6+ gxf6 17. exf6 Rg8 18. Re5 Rg6 19. Rxf5 Bxf6 20. Re1+
Kd7 21. Ne4 Be7 22. Rxh5 Bxa2 23. Ng3 Bd5 24. Bxc7 Bc5 25. c4 Kxc7 26. Kf1
Rdxg3 27. Rxd5 cxd5 28. fxg3 Rf6+ 0-1

[Event "Kingston Invitational 1st"]
[Site "Kingston"]
[Date "2022.07.20"]
[Round "1"]
[White "Lalic, Peter D"]
[Black "Kalaiyalahan, Akshaya"]
[Result "1-0"]
[WhiteElo "2151"]
[BlackElo "2158"]
[PlyCount "117"]
[EventDate "2022.07.20"]
[EventType "tourn"]
[EventRounds "9"]
[EventCountry "ENG"]
[SourceVersionDate "2022.07.20"]

1. h3 d5 2. d4 Nf6 3. Nc3 e6 4. Bf4 c5 5. e3 a6 6. g4 Nc6 7. g5 Nd7 8. Nf3 b5
9. Ne2 Bb7 10. h4 cxd4 11. exd4 Bb4+ 12. c3 Be7 13. Ng3 b4 14. Bd3 a5 15. h5 a4
16. a3 bxc3 17. bxc3 Qa5 18. Bd2 Qa7 19. Qc2 Nf8 20. O-O g6 21. Rfe1 Rg8 22. h6
Nd7 23. Nf1 Kf8 24. Ne3 Nb6 25. Ng4 Ba6 26. Nf6 Bxf6 27. gxf6 Bxd3 28. Qxd3 Nc4
29. Ng5 Rh8 30. Bf4 Re8 31. Be5 N6a5 32. Ra2 Qd7 33. Kg2 Rc8 34. Bg3 Rc6 35.
Qf3 Rb6 36. Rae2 Nb3 37. Qg4 Ke8 38. Kh3 Kd8 39. Kg2 Nba5 40. Qf3 Kc8 41. Qg4
Kd8 42. Kh3 Rc6 43. Kh2 Rb6 44. Kg2 Rc6 45. Bf4 Rb6 46. Bg3 Rc6 47. Qh3 Rb6 48.
Bh4 Kc8 49. Nxf7 Qxf7 50. Rxe6 Rxe6 51. Rxe6 Qd7 52. f7 Qxf7 53. Re8+ Kc7 54.
Qc8+ Kb6 55. Rxh8 Qf4 56. Qc5+ Ka6 57. Ra8+ Kb7 58. Qc8+ Kb6 59. Bd8+ 1-0

[Event "Kingston Invitational 1st"]
[Site "Kingston"]
[Date "2022.07.20"]
[Round "1"]
[White "Maycock Bates, David Henry"]
[Black "Taylor, William J"]
[Result "1/2-1/2"]
[WhiteElo "2240"]
[BlackElo "1959"]
[PlyCount "189"]
[EventDate "2022.07.20"]
[EventType "tourn"]
[EventRounds "9"]
[EventCountry "ENG"]
[SourceVersionDate "2022.07.20"]

1. e4 e5 2. Nf3 Nf6 3. Nxe5 d6 4. Nf3 Nxe4 5. d4 d5 6. Bd3 Bd6 7. O-O O-O 8. c4
c6 9. Qc2 Na6 10. a3 Bg4 11. Ne5 Bf5 12. Nc3 Bxe5 13. dxe5 Nac5 14. cxd5 cxd5
15. Nb5 Bg6 16. Bxe4 Nxe4 17. Qb3 a6 18. Nd4 Qc7 19. Bf4 Nc5 20. Qc3 Rac8 21.
Rac1 Qd7 22. Qe3 Nd3 23. Rxc8 Rxc8 24. b3 Qe7 25. a4 Re8 26. f3 Nxf4 27. Qxf4
Qxe5 28. Qxe5 Rxe5 29. Rc1 h5 30. Rc8+ Kh7 31. Kf2 Re7 32. Rd8 f6 33. Rxd5 Bf7
34. Rd6 Rc7 35. Ke3 g6 36. h4 Kg7 37. Kd3 Rc1 38. Rd7 b5 39. axb5 axb5 40. Kd2
Rg1 41. Nxb5 Rxg2+ 42. Kc3 Kf8 43. Nd4 g5 44. hxg5 h4 45. gxf6 h3 46. Nf5 Be6
47. Rd8+ Kf7 48. Nd4 h2 49. Rh8 Kxf6 50. Nxe6 Kxe6 51. Rh3 Rf2 52. Kb4 Kd6 53.
Ka4 Kc6 54. b4 Ra2+ 55. Kb3 Rf2 56. Kc4 Rxf3 57. Rh6+ Kb7 58. Rxh2 Rf6 59. Rh5
Rg6 60. Kb5 Rf6 61. Rh7+ Kb8 62. Ka5 Rg6 63. Kb5 Rf6 64. Rd7 Rh6 65. Kc5 Rg6
66. Kd5 Rh6 67. Re7 Rg6 68. Kc5 Rh6 69. b5 Rg6 70. Rh7 Rf6 71. Kb4 Rg6 72. Ka5
Rf6 73. Rd7 Rh6 74. Rd1 Kb7 75. Rd7+ Kb8 76. Re7 Rg6 77. Re5 Kb7 78. Rc5 Rh6
79. Re5 Rg6 80. b6 Rg1 81. Re7+ Kb8 82. Re5 Ra1+ 83. Kb5 Rb1+ 84. Ka6 Ra1+ 85.
Kb5 Rb1+ 86. Kc6 Rc1+ 87. Rc5 Rxc5+ 88. Kxc5 Kb7 89. Kb5 Kb8 90. Kc6 Kc8 91.
Kc5 Kb7 92. Kb5 Kb8 93. Ka6 Ka8 94. b7+ Kb8 95. Kb6 1/2-1/2

[Event "Kingston Invitational 1st"]
[Site "Kingston"]
[Date "2022.07.20"]
[Round "1"]
[White "Varney, Zoe"]
[Black "Finn, Peter"]
[Result "0-1"]
[WhiteElo "2045"]
[BlackElo "2038"]
[PlyCount "92"]
[EventDate "2022.07.20"]
[EventType "tourn"]
[EventRounds "9"]
[EventCountry "ENG"]
[SourceVersionDate "2022.07.20"]

1. e4 c5 2. Nf3 Nc6 3. d4 cxd4 4. Nxd4 Nf6 5. Nc3 e5 6. Ndb5 d6 7. Nd5 Nxd5 8.
exd5 Nb8 9. a4 Be7 10. Be2 O-O 11. Bd2 a6 12. Na3 a5 13. Bb5 Nd7 14. Nc4 Nc5
15. Qe2 Bf5 16. O-O-O Qc7 17. f3 Rfc8 18. b3 Bd7 19. Bxd7 Nxd7 20. Be3 b5 21.
axb5 a4 22. Kb2 axb3 23. cxb3 Bf6 24. b6 Qb7 25. Qf2 Rxc4 26. bxc4 e4+ 27. Bd4
Qxb6+ 28. Kc2 Ra2+ 29. Kc1 Qb3 30. Rd2 Rxd2 31. Qxd2 Qxc4+ 32. Qc3 Qxd4 33.
Qxd4 Bxd4 34. fxe4 Nc5 35. Kc2 g6 36. Re1 Kg7 37. Kd2 Nd7 38. Kd3 Bc5 39. Kc4
Ne5+ 40. Kb5 Kf6 41. Rc1 Ng4 42. h3 Nf2 43. Re1 Ke5 44. Kc4 Nxe4 45. Kd3 f5 46.
g4 Kxd5 0-1

[Event "Kingston Invitational 1st"]
[Site "Kingston"]
[Date "2022.07.20"]
[Round "2"]
[White "Finn, Peter"]
[Black "Jones, Steven A"]
[Result "0-1"]
[WhiteElo "2038"]
[BlackElo "2251"]
[PlyCount "134"]
[EventDate "2022.07.20"]
[EventType "tourn"]
[EventRounds "9"]
[EventCountry "ENG"]
[SourceVersionDate "2022.07.20"]

1. e4 c5 2. Nf3 d6 3. d4 cxd4 4. Nxd4 Nf6 5. Nc3 a6 6. f3 e5 7. Nb3 Be6 8. Be3
Be7 9. Nd5 Bxd5 10. exd5 O-O 11. Be2 Nbd7 12. Qd2 a5 13. a4 Qc7 14. O-O Nb6 15.
c4 Nbd7 16. Kh1 b6 17. f4 Nc5 18. Nxc5 bxc5 19. fxe5 dxe5 20. Bd3 Ra6 21. Qc2
g6 22. Bh6 Rb8 23. Bd2 Bf8 24. Rae1 Bg7 25. Bc3 Re8 26. Be2 Re7 27. Bd1 Ne8 28.
b3 f5 29. Qb2 e4 30. Bc2 Bxc3 31. Qxc3 Qe5 32. Qe3 Qd6 33. Qg5 Ng7 34. Re2 Ra8
35. Qd2 Raa7 36. Ree1 Nh5 37. Qg5 Rf7 38. g4 Ng7 39. gxf5 gxf5 40. Rg1 Rf6 41.
Qe3 Rg6 42. Rxg6 hxg6 43. Rg1 Kf7 44. Qh6 Ra6 45. Qh8 e3 46. Qh3 Qe5 47. Qf3
Ra8 48. d6 Rd8 49. Re1 f4 50. Qb7+ Kf6 51. d7 Ne6 52. Qg2 Qg5 53. Qc6 Qe5 54.
Qg2 g5 55. Rd1 Ke7 56. Qh3 Rxd7 57. Qh7+ Qg7 58. Qe4 Rxd1+ 59. Bxd1 Qa1 60.
Qh7+ Kd6 61. Qd3+ Qd4 62. Qc2 Qd2 63. Qxd2+ exd2 64. Kg2 Ke5 65. Kf3 Nd4+ 66.
Kg4 Ke4 67. Kxg5 f3 0-1

[Event "Kingston Invitational 1st"]
[Site "Kingston"]
[Date "2022.07.20"]
[Round "2"]
[White "Large, Peter G"]
[Black "Lalic, Peter D"]
[Result "1-0"]
[WhiteElo "2299"]
[BlackElo "2151"]
[PlyCount "79"]
[EventDate "2022.07.20"]
[EventType "tourn"]
[EventRounds "9"]
[EventCountry "ENG"]
[SourceVersionDate "2022.07.20"]

1. Nf3 Nf6 2. b3 d6 3. d4 c5 4. Bb2 cxd4 5. Nxd4 e5 6. Nf3 e4 7. Nd4 e3 8. fxe3
d5 9. Nc3 Bb4 10. Qd3 O-O 11. g3 Nbd7 12. Bg2 Qe7 13. Nf5 Qe5 14. O-O Nc5 15.
Qd4 Qxd4 16. exd4 Bxc3 17. Bxc3 Nce4 18. Bb4 Re8 19. Ne7+ Kh8 20. Bxe4 dxe4 21.
Nxc8 Raxc8 22. c4 Kg8 23. d5 e3 24. Rad1 Re4 25. Rf4 Rxf4 26. gxf4 b6 27. Be7
Nd7 28. Rd3 f5 29. Rxe3 Re8 30. Bc5 Rxe3 31. Bxe3 Nf6 32. a4 Kf7 33. a5 Nd7 34.
Bd4 h6 35. b4 bxa5 36. bxa5 a6 37. c5 Nf8 38. c6 Ke8 39. Bxg7 Ng6 40. d6 1-0

[Event "Kingston Invitational 1st"]
[Site "Kingston"]
[Date "2022.07.20"]
[Round "2"]
[White "Maycock Bates, David Henry"]
[Black "Varney, Zoe"]
[Result "1-0"]
[WhiteElo "2240"]
[BlackElo "2045"]
[PlyCount "61"]
[EventDate "2022.07.20"]
[EventType "tourn"]
[EventRounds "9"]
[EventCountry "ENG"]
[SourceVersionDate "2022.07.20"]

1. e4 e5 2. Nf3 Nc6 3. Bb5 a6 4. Ba4 Nf6 5. O-O Be7 6. Re1 b5 7. Bb3 O-O 8. a4
Bb7 9. d3 d6 10. Nc3 b4 11. Ne2 Na5 12. Ba2 c5 13. Ng3 Qc7 14. c3 Rab8 15. cxb4
cxb4 16. Bd2 Bc8 17. d4 Bg4 18. Rc1 Qb7 19. h3 Bxf3 20. Qxf3 Bd8 21. Nf5 Qd7
22. dxe5 dxe5 23. Red1 Qxa4 24. Qg3 Nh5 25. Qxe5 Bf6 26. Bxf7+ Rxf7 27. Qxb8+
Rf8 28. Qxb4 Qxb4 29. Bxb4 Nb3 30. Bxf8 Nxc1 31. Bxg7 1-0

[Event "Kingston Invitational 1st"]
[Site "Kingston"]
[Date "2022.07.20"]
[Round "2"]
[White "Seymour, Timothy P"]
[Black "Healey, Michael W"]
[Result "1/2-1/2"]
[WhiteElo "2076"]
[BlackElo "2147"]
[PlyCount "40"]
[EventDate "2022.07.20"]
[EventType "tourn"]
[EventRounds "9"]
[EventCountry "ENG"]
[SourceVersionDate "2022.07.20"]

1. Nf3 Nf6 2. e3 e6 3. b3 Be7 4. Bb2 O-O 5. c4 c5 6. Nc3 Nc6 7. Be2 d6 8. d4 b6
9. O-O Bb7 10. d5 Nb4 11. e4 Nd7 12. Re1 e5 13. h3 Kh8 14. Kh2 Rg8 15. Nd2 Nf8
16. Nf1 Bc8 17. Ne3 Bg5 18. Bc1 g6 19. a3 Na6 20. g3 Nc7 1/2-1/2

[Event "Kingston Invitational 1st"]
[Site "Kingston"]
[Date "2022.07.20"]
[Round "2"]
[White "Taylor, William J"]
[Black "Kalaiyalahan, Akshaya"]
[Result "1/2-1/2"]
[WhiteElo "1959"]
[BlackElo "2158"]
[PlyCount "68"]
[EventDate "2022.07.20"]
[EventType "tourn"]
[EventRounds "9"]
[EventCountry "ENG"]
[SourceVersionDate "2022.07.20"]

1. e4 c5 2. Nf3 e6 3. c3 Nf6 4. e5 Nd5 5. d4 cxd4 6. cxd4 d6 7. Nc3 dxe5 8.
Nxe5 Bb4 9. Bb5+ Bd7 10. Nxd7 Nxd7 11. Bd2 O-O 12. Nxd5 Bxd2+ 13. Qxd2 exd5 14.
O-O Nf6 15. Bd3 Qb6 16. Rac1 Ne4 17. Bxe4 dxe4 18. Rc5 Rad8 19. Qc3 Qd6 20. Rc7
Rd7 21. Rc1 Rxc7 22. Qxc7 Qxd4 23. Qxb7 e3 24. Qf3 Qxb2 25. Qxe3 Qxa2 26. Qd4
a5 27. Ra1 Qe2 28. Qc3 a4 29. Qa5 Re8 30. h3 Qc4 31. Rxa4 Qc1+ 32. Kh2 h6 33.
Qf5 Qc7+ 34. Qf4 Qxf4+ 1/2-1/2

[Event "Kingston Invitational 1st"]
[Site "Kingston"]
[Date "2022.07.21"]
[Round "3"]
[White "Healey, Michael W"]
[Black "Finn, Peter"]
[Result "1-0"]
[WhiteElo "2147"]
[BlackElo "2038"]
[PlyCount "79"]
[EventDate "2022.07.20"]
[EventType "tourn"]
[EventRounds "9"]
[EventCountry "ENG"]
[SourceVersionDate "2022.07.20"]

1. e4 c5 2. Nc3 Nc6 3. Nge2 e5 4. Ng3 g6 5. Bc4 Bg7 6. d3 Nf6 7. Be3 d6 8. Qd2
Ng4 9. O-O-O Nxe3 10. fxe3 O-O 11. h4 h5 12. Rdf1 Qa5 13. Qe2 Bg4 14. Qf2 Nd8
15. Nd5 b5 16. Nf6+ Bxf6 17. Bd5 Bg7 18. Bxa8 Qxa2 19. Bd5 Qa1+ 20. Kd2 Qxb2
21. Rb1 Qa3 22. Rxb5 Kh8 23. Rhb1 f5 24. R1b3 Qa4 25. Ne2 fxe4 26. Qe1 exd3 27.
Nc3 Qa6 28. e4 Bd7 29. Qg3 Bxb5 30. Rxb5 Bh6+ 31. Kxd3 Kg7 32. Qh3 Qa1 33. Kc4
Qf1+ 34. Kb3 Bd2 35. Qd7+ Kh6 36. Bc4 Qa1 37. Na2 Qb1+ 38. Ka3 Qxc2 39. Bb3
Qxe4 40. Qxd6 1-0

[Event "Kingston Invitational 1st"]
[Site "Kingston"]
[Date "2022.07.21"]
[Round "3"]
[White "Kalaiyalahan, Akshaya"]
[Black "Large, Peter G"]
[Result "1/2-1/2"]
[WhiteElo "2158"]
[BlackElo "2299"]
[PlyCount "81"]
[EventDate "2022.07.20"]
[EventType "tourn"]
[EventRounds "9"]
[EventCountry "ENG"]
[SourceVersionDate "2022.07.20"]

1. d4 Nf6 2. c4 e6 3. g3 d5 4. Bg2 dxc4 5. Qa4+ Nbd7 6. Qxc4 a6 7. Qc2 Rb8 8.
Nf3 b5 9. O-O Bb7 10. Ne5 c5 11. Nxd7 Nxd7 12. Bxb7 Rxb7 13. Qe4 Qc8 14. dxc5
Nxc5 15. Qg4 h5 16. Qf3 h4 17. Be3 Rd7 18. Rc1 Qb7 19. Qxb7 Nxb7 20. Nd2 Rh5
21. Rc8+ Nd8 22. Ne4 Be7 23. Ra8 Re5 24. Nc3 b4 25. Na4 Red5 26. Kg2 Rd1 27.
Rxd1 Rxd1 28. Rxa6 Re1 29. Nb6 Rxe2 30. b3 Rc2 31. Nc4 hxg3 32. hxg3 f6 33. Kf1
Nb7 34. Ra7 Nd6 35. Bc5 Nf5 36. Bxe7 Nxe7 37. Nd6+ Kd8 38. Nf7+ Ke8 39. Nd6+
Kd8 40. Nf7+ Ke8 41. Nd6+ 1/2-1/2

[Event "Kingston Invitational 1st"]
[Site "Kingston"]
[Date "2022.07.21"]
[Round "3"]
[White "Lalic, Peter D"]
[Black "Seymour, Timothy P"]
[Result "1-0"]
[WhiteElo "2151"]
[BlackElo "2076"]
[PlyCount "57"]
[EventDate "2022.07.20"]
[EventType "tourn"]
[EventRounds "9"]
[EventCountry "ENG"]
[SourceVersionDate "2022.07.20"]

1. h3 Nf6 2. Nf3 b6 3. d3 d5 4. c4 dxc4 5. e4 cxd3 6. e5 Nd5 7. Bxd3 e6 8. O-O
Nb4 9. Be4 Qxd1 10. Rxd1 Nd5 11. Nc3 Bb7 12. Nxd5 exd5 13. Bxd5 Bxd5 14. Rxd5
Na6 15. Bg5 h6 16. Bh4 Be7 17. Rad1 g5 18. Bg3 Nb4 19. R5d2 c5 20. e6 fxe6 21.
Re1 Bf6 22. a3 Na6 23. Rxe6+ Kf7 24. Rdd6 Bg7 25. Ne5+ Bxe5 26. Bxe5 Nc7 27.
Rf6+ Ke7 28. Rc6 Rac8 29. Rg6 1-0

[Event "Kingston Invitational 1st"]
[Site "Kingston"]
[Date "2022.07.21"]
[Round "3"]
[White "Varney, Zoe"]
[Black "Taylor, William J"]
[Result "1/2-1/2"]
[WhiteElo "2045"]
[BlackElo "1959"]
[PlyCount "43"]
[EventDate "2022.07.20"]
[EventType "tourn"]
[EventRounds "9"]
[EventCountry "ENG"]
[SourceVersionDate "2022.07.20"]

1. e3 d5 2. Nf3 Nf6 3. c4 e6 4. b3 Nbd7 5. Bb2 Bd6 6. d4 b6 7. Bd3 Bb7 8. O-O
O-O 9. Ne5 Qe7 10. Nd2 a5 11. Rc1 a4 12. Bb1 c5 13. f4 axb3 14. axb3 cxd4 15.
Nxd7 Nxd7 16. Nf3 dxc4 17. Qxd4 Nf6 18. Ng5 Bc5 19. Qc3 Bb4 20. Qe5 Bd6 21. Qc3
Bb4 22. Qe5 1/2-1/2

[Event "Kingston Invitational 1st"]
[Site "Kingston"]
[Date "2022.07.21"]
[Round "4"]
[White "Finn, Peter"]
[Black "Lalic, Peter D"]
[Result "0-1"]
[WhiteElo "2038"]
[BlackElo "2151"]
[PlyCount "44"]
[EventDate "2022.07.20"]
[EventType "tourn"]
[EventRounds "9"]
[EventCountry "ENG"]
[SourceVersionDate "2022.07.20"]

1. e4 e6 2. d4 d5 3. Nc3 Bb4 4. e5 c5 5. a3 Bxc3+ 6. bxc3 Ne7 7. Qg4 O-O 8. Bd3
f5 9. exf6 Rxf6 10. Bg5 Rf7 11. Qh5 g6 12. Qd1 Qa5 13. Bd2 e5 14. c4 Qc7 15.
cxd5 cxd4 16. Nf3 Nxd5 17. Ng5 Nc3 18. Bxc3 Qxc3+ 19. Kf1 Rf8 20. Nxh7 Rf5 21.
g4 Rf4 22. Bxg6 Qc6 0-1

[Event "Kingston Invitational 1st"]
[Site "Kingston"]
[Date "2022.07.21"]
[Round "4"]
[White "Maycock Bates, David Henry"]
[Black "Healey, Michael W"]
[Result "1-0"]
[WhiteElo "2240"]
[BlackElo "2147"]
[PlyCount "77"]
[EventDate "2022.07.20"]
[EventType "tourn"]
[EventRounds "9"]
[EventCountry "ENG"]
[SourceVersionDate "2022.07.20"]

1. e4 e5 2. Nf3 Nc6 3. Bb5 a6 4. Ba4 Nf6 5. O-O Be7 6. Re1 b5 7. Bb3 d6 8. c3
O-O 9. h3 Na5 10. Bc2 c5 11. d4 Nd7 12. Nbd2 Bf6 13. Nf1 Nb6 14. b3 Bd7 15. Ne3
cxd4 16. cxd4 Nc6 17. Bb2 exd4 18. Nxd4 Nb4 19. Bb1 a5 20. Qd2 Re8 21. a3 Na6
22. Qxa5 Re5 23. Qd2 Nc5 24. Bc2 Rh5 25. Nf1 Bxh3 26. Ng3 Rg5 27. gxh3 Be5 28.
Kg2 Qf6 29. Rad1 h5 30. Nf3 Rxg3+ 31. fxg3 Bxb2 32. Qxd6 Ne6 33. e5 Qh6 34. Bf5
Bxa3 35. Qd3 Bb4 36. Re4 Rd8 37. Qxd8+ Nxd8 38. Rxd8+ Bf8 39. e6 1-0

[Event "Kingston Invitational 1st"]
[Site "Kingston"]
[Date "2022.07.21"]
[Round "4"]
[White "Seymour, Timothy P"]
[Black "Kalaiyalahan, Akshaya"]
[Result "1-0"]
[WhiteElo "2076"]
[BlackElo "2158"]
[PlyCount "55"]
[EventDate "2022.07.20"]
[EventType "tourn"]
[EventRounds "9"]
[EventCountry "ENG"]
[SourceVersionDate "2022.07.20"]

1. Nf3 d5 2. e3 Nf6 3. b3 g6 4. Bb2 Bg7 5. d4 O-O 6. c4 c5 7. dxc5 Qa5+ 8. Nbd2
Bg4 9. a3 Bxf3 10. Qxf3 Ne4 11. b4 Nxd2 12. Qd1 Qa6 13. Bxg7 Kxg7 14. Qxd2 dxc4
15. Qc3+ Kg8 16. Bxc4 Qc6 17. Rd1 e6 18. O-O a5 19. Rd6 Qa4 20. b5 h5 21. Rfd1
Kh7 22. h4 Rg8 23. R6d4 e5 24. Rd6 Rf8 25. g3 b6 26. cxb6 Nd7 27. Rxd7 Rac8 28.
Rc1 1-0

[Event "Kingston Invitational 1st"]
[Site "Kingston"]
[Date "2022.07.21"]
[Round "4"]
[White "Taylor, William J"]
[Black "Large, Peter G"]
[Result "0-1"]
[WhiteElo "1959"]
[BlackElo "2299"]
[PlyCount "100"]
[EventDate "2022.07.20"]
[EventType "tourn"]
[EventRounds "9"]
[EventCountry "ENG"]
[SourceVersionDate "2022.07.20"]

1. e4 e5 2. Nf3 Nc6 3. Bc4 g6 4. d4 exd4 5. c3 d3 6. O-O Bg7 7. Bg5 f6 8. Be3
Nh6 9. h3 d6 10. Qxd3 Nf7 11. Qc2 O-O 12. Nbd2 Kh8 13. Rad1 Qe7 14. Rfe1 Nfe5
15. Nxe5 fxe5 16. Bf1 Nd8 17. g3 Ne6 18. Bg2 Ng5 19. Kh2 Bh6 20. Nf1 Be6 21. b3
a5 22. c4 b6 23. a3 Kg7 24. Qe2 Nf7 25. Bxh6+ Nxh6 26. Ne3 Nf7 27. Nd5 Qd8 28.
Rd2 h5 29. h4 Nh6 30. Ne3 Bg4 31. f3 Be6 32. Bh3 Bxh3 33. Kxh3 g5 34. hxg5 Qxg5
35. Rh1 Rf6 36. Nd5 Rg6 37. Qf2 Rf8 38. Re2 Rf7 39. b4 axb4 40. axb4 Kh7 41.
Ra2 c6 42. Nxb6 h4 43. gxh4 Qh5 44. Ra3 Rf4 45. Ra7+ Kh8 46. Rf1 Rgg4 47. Ra8+
Kg7 48. Ra7+ Kg6 49. Rg1 Rxf3+ 50. Qxf3 Qxh4# 0-1

[Event "Kingston Invitational 1st"]
[Site "Kingston"]
[Date "2022.07.21"]
[Round "4"]
[White "Varney, Zoe"]
[Black "Jones, Steven A"]
[Result "0-1"]
[WhiteElo "2045"]
[BlackElo "2251"]
[PlyCount "102"]
[EventDate "2022.07.20"]
[EventType "tourn"]
[EventRounds "9"]
[EventCountry "ENG"]
[SourceVersionDate "2022.07.20"]

1. e4 c5 2. Nc3 a6 3. f4 b5 4. g3 Bb7 5. Bg2 e6 6. d3 d5 7. e5 Qc7 8. Nf3 Nd7
9. O-O Nh6 10. Ne2 d4 11. h3 O-O-O 12. c3 dxc3 13. bxc3 Nb6 14. g4 f6 15. d4 f5
16. g5 Ng8 17. Be3 Ne7 18. Bf2 c4 19. Ne1 Ned5 20. Nc2 Kb8 21. Qd2 Bc6 22. Rfb1
Na4 23. Ne3 Ka8 24. a3 Be7 25. Nd1 Qb7 26. Be1 Rd7 27. Nb2 Ndb6 28. Nxa4 Nxa4
29. Bxc6 Qxc6 30. Ng3 g6 31. Qg2 Kb7 32. Nf1 Bd8 33. Ne3 Qxg2+ 34. Kxg2 Kc6 35.
Kf3 Ba5 36. Nd1 h6 37. h4 Rdh7 38. Rc1 hxg5 39. fxg5 Rxh4 40. Bxh4 Rxh4 41. Ra2
Nxc3 42. Nxc3 Bxc3 43. Re2 Kd5 44. Rcc2 a5 45. Rh2 Rxh2 46. Rxh2 b4 47. axb4
axb4 48. Ke2 b3 49. Kd1 Bxd4 50. Rh6 c3 51. Rxg6 c2+ 0-1

[Event "Kingston Invitational 1st"]
[Site "Kingston"]
[Date "2022.07.22"]
[Round "5"]
[White "Healey, Michael W"]
[Black "Varney, Zoe"]
[Result "0-1"]
[WhiteElo "2147"]
[BlackElo "2045"]
[PlyCount "158"]
[EventDate "2022.07.20"]
[EventType "tourn"]
[EventRounds "9"]
[EventCountry "ENG"]
[SourceVersionDate "2022.07.20"]

1. e4 e5 2. Nf3 Nc6 3. Bb5 a6 4. Ba4 Nf6 5. d3 b5 6. Bb3 Bc5 7. Nc3 h6 8. a4
Rb8 9. axb5 axb5 10. Nd5 d6 11. h3 Nxd5 12. exd5 Nd4 13. Nxd4 Bxd4 14. Qh5 Qf6
15. O-O O-O 16. Kh1 Bf5 17. f4 e4 18. c3 Bb6 19. d4 b4 20. Be3 bxc3 21. bxc3
Ba5 22. Qd1 Bxc3 23. Rc1 Ba5 24. Bc2 Rfe8 25. g4 Bd7 26. f5 Rb4 27. g5 hxg5 28.
Qg4 Bb6 29. Bxg5 Qxd4 30. Rcd1 Qc3 31. Bd2 Qxc2 32. Bxb4 e3 33. Rg1 g6 34. Rg2
e2 35. Re1 Bxf5 36. Rgxe2 Bxg4 37. Rxc2 Rxe1+ 38. Bxe1 Bf3+ 39. Kh2 Bxd5 40.
Bc3 Be6 41. Kg3 Kf8 42. Bf6 Ke8 43. h4 Kd7 44. Kf4 Bb3 45. Rc3 Be6 46. Ra3 Kc6
47. Bd8 Kd7 48. Bf6 Kc6 49. Rc3+ Kd7 50. Rc2 Bb3 51. Rb2 Be6 52. Bc3 Kc6 53.
Kg5 Kd5 54. Rb4 Bc5 55. Rb7 Bb6 56. Rb8 Kc4 57. Be1 Be3+ 58. Kf6 Bd4+ 59. Ke7
Bc5 60. Bg3 d5+ 61. Kd8 Bd6 62. Bf2 d4 63. Rb1 d3 64. Be3 Kc3 65. Rc1+ Kb3 66.
Rb1+ Kc2 67. Rc1+ Kb2 68. Rd1 Kc2 69. Rc1+ Kb3 70. Rd1 Kc4 71. Rf1 Bb4 72. Kxc7
Ba5+ 73. Kd6 d2 74. Rg1 Kd3 75. Bxd2 Bxd2 76. Rxg6 Bb4+ 77. Ke5 Bc3+ 78. Kd6
fxg6 79. Kxe6 Ke4 0-1

[Event "Kingston Invitational 1st"]
[Site "Kingston"]
[Date "2022.07.22"]
[Round "5"]
[White "Jones, Steven A"]
[Black "Taylor, William J"]
[Result "1-0"]
[WhiteElo "2251"]
[BlackElo "1959"]
[PlyCount "51"]
[EventDate "2022.07.20"]
[EventType "tourn"]
[EventRounds "9"]
[EventCountry "ENG"]
[SourceVersionDate "2022.07.20"]

1. e4 e5 2. Nf3 Nf6 3. Nxe5 d6 4. Nf3 Nxe4 5. d3 Nf6 6. d4 g6 7. Bg5 Bg7 8. Nc3
O-O 9. Qd2 Re8+ 10. Be2 c5 11. O-O Qb6 12. Bb5 Rf8 13. a4 Be6 14. Rfe1 Qa5 15.
dxc5 dxc5 16. Bxf6 Bxf6 17. Ne4 Qd8 18. Qxd8 Bxd8 19. Nxc5 Bd5 20. Rad1 Bxf3
21. gxf3 b6 22. Ne4 Be7 23. Nd6 Bf6 24. Ne8 a6 25. Nxf6+ Kg7 26. Nd7 1-0

[Event "Kingston Invitational 1st"]
[Site "Kingston"]
[Date "2022.07.22"]
[Round "5"]
[White "Kalaiyalahan, Akshaya"]
[Black "Finn, Peter"]
[Result "1/2-1/2"]
[WhiteElo "2158"]
[BlackElo "2038"]
[PlyCount "131"]
[EventDate "2022.07.20"]
[EventType "tourn"]
[EventRounds "9"]
[EventCountry "ENG"]
[SourceVersionDate "2022.07.20"]

1. Nf3 d5 2. g3 g6 3. Bg2 Bg7 4. d4 c6 5. O-O Nf6 6. c4 dxc4 7. Ne5 Ng4 8. Nxg4
Bxg4 9. h3 Be6 10. e3 O-O 11. Qe2 Qd7 12. Kh2 Na6 13. Nd2 c5 14. Nxc4 cxd4 15.
exd4 Qxd4 16. Na5 Qa4 17. Bxb7 Qxa5 18. Bxa6 Rab8 19. Bd3 Rfd8 20. a3 Rd5 21.
Bc4 Re5 22. Qd3 Bf5 23. Qf3 Rc8 24. Ba2 Rb5 25. g4 Be6 26. Bxe6 fxe6 27. Qe4
Re5 28. Qb4 Qa6 29. Bf4 Rb5 30. Qxe7 Rxb2 31. Rad1 Rb7 32. Qd6 Qxd6 33. Rxd6
Bf8 34. Rxe6 Bxa3 35. Ra6 Rf8 36. Be3 Bb2 37. Rxa7 Rxa7 38. Bxa7 Be5+ 39. Kg2
g5 40. Be3 h6 41. Rd1 Kg7 42. Rd5 Re8 43. Rxe5 Rxe5 44. Bd4 Kf6 45. Kf3 Ke6 46.
Bxe5 Kxe5 47. Ke3 Kd5 48. f4 gxf4+ 49. Kxf4 Ke6 50. h4 Kf6 51. Kf3 Kf7 52. Ke3
Ke7 53. Kd4 Kd6 54. Kd3 Kd7 55. Kd2 Kd6 56. Ke3 Ke7 57. Ke4 Ke6 58. Kd4 Kd6 59.
h5 Ke6 60. Ke4 Kf6 61. Kf4 Ke6 62. g5 hxg5+ 63. Kxg5 Kf7 64. h6 Kg8 65. Kg6 Kh8
66. h7 1/2-1/2